[Event "45th Olympiad 2024"]
[Site "Budapest HUN"]
[Date "2024.09.14"]
[Round "4.5"]
[Board "2"]
[White "Yakubboev, Nodirbek"]
[Black "Nguyen, Ngoc Truong Son"]
[Result "0-1"]
[WhiteElo "2666"]
[BlackElo "2633"]
[PlyCount "106"]
[EventDate "2024.09.11"]
[WhiteTeam "Uzbekistan"]
[BlackTeam "Vietnam"]
[WhiteTeamCountry "UZB"]
[BlackTeamCountry "VIE"]

1. d4 Nf6 2. c4 e6 3. Nf3 d5 4. Nc3 c5 5. cxd5 Nxd5 6. e4 Nxc3 7. bxc3 cxd4 8. cxd4 Bb4+ 9. Bd2 Bxd2+ 10. Qxd2 O-O 11. Rd1 Nd7 12. Bd3 b6 13. O-O Bb7 14. Qe3 ({RR} 14. Rfe1 Rc8 15. d5 Nc5 16. Bc2 exd5 17. exd5 Qf6 18. Ne5 Rfe8 19. Ng4 Qh4 20. h3 h5 21. Ne3 Ne4 22. Bxe4 Qxe4 23. Qd4 Rcd8 24. Qxe4 Rxe4 25. Rc1 Ree8 26. Red1 Rc8 27. g4 hxg4 28. hxg4 Kf8 {1-0 Lazavik,D (2578)-Bardyk,A (2278) Titled Tue 10th Sep Late 2024 (6)}) 14... Re8 $146 ({RR} 14... Qe7 15. e5 Bd5 16. Bb1 Rac8 17. Ng5 f5 18. exf6 Nxf6 19. f3 Rc7 20. Rfe1 Re8 21. Qe5 h6 22. Nh3 g5 23. Nf2 Qg7 24. Rc1 Rec8 25. Rxc7 Rxc7 26. h3 Nh5 27. Qe3 Rc4 28. Bd3 Rxd4 29. Rc1 {0-1 Peralta,F (2569)-Adly,A (2620) Olympiad-43 Batumi 2018 (5.13)}) ({RR} 14... Rc8 15. e5 h6 16. Nd2 Qg5 17. Qh3 Qf4 18. Nc4 Rc7 19. Nd6 Bd5 20. Qe3 Qg5 21. Qxg5 hxg5 22. Rc1 Rxc1 23. Rxc1 Bxa2 24. Ra1 Bd5 25. Rxa7 Nb8 26. Bb5 Nc6 27. Bxc6 Bxc6 28. Rc7 Bd5 29. f3 {½-½ Giri,A (2764)-Nepomniachtchi,I (2784) Chessable Masters Final rapid 2020 (2.21)}) ({RR} 14... Rc8 15. e5 h6 16. Rfe1 Bd5 17. Nd2 Qg5 18. Ne4 Qxe3 19. Rxe3 Bxe4 20. Bxe4 Rfd8 21. f4 Nc5 22. Bf3 Na4 23. Rd2 b5 24. d5 Nb6 25. Red3 Nxd5 26. Bxd5 Rxd5 27. Rxd5 exd5 28. Rxd5 a6 29. Rd6 {½-½ Jakovenko,D (2736)-Zvjaginsev,V (2642) RUS-ch Higher League 67th 2014 (3)}) 15. e5 Bxf3 16. Qxf3 Rc8 17. Bb5 Re7 18. Qe4 Nf8 19. f4 g6 20. g4 Rec7 21. Ba6 Rb8 22. a4 Qh4 23. Qf3 Rd8 24. Rd2 Qe7 25. Rb1 Qd7 26. Ra1 Rc2 27. Bb5 Qc7 28. Rad1 Rc3 29. Qe4 Qe7 30. Rd3 Qh4 31. Qf3 Rxd3 32. Rxd3 Qe1+ 33. Kg2 Rc8 34. Qd1 Qe4+ 35. Kg3 h5 36. Qf3 Qe1+ 37. Qf2 h4+ 38. Kg2 Qc1 39. Re3 Rc2 40. Re2 Rc3 41. Re1 h3+ 42. Kg1 Qa3 43. Qd2 Qb3 44. Bf1 Rf3 45. f5 gxf5 46. gxf5 Rxf5 47. Bd3 Rf3 48. Qg5+ Ng6 49. Bxg6 fxg6 50. Qxg6+ Kf8 51. Qe4 Qd3 52. Qa8+ Kg7 53. Qxa7+ Kh6 0-1

[Event "45th Olympiad 2024"]
[Site "Budapest HUN"]
[Date "2024.09.14"]
[Round "4.5"]
[Board "3"]
[White "Le, Tuan Minh"]
[Black "Sindarov, Javokhir"]
[Result "1-0"]
[WhiteElo "2564"]
[BlackElo "2677"]
[PlyCount "65"]
[EventDate "2024.09.11"]
[WhiteTeam "Vietnam"]
[BlackTeam "Uzbekistan"]
[WhiteTeamCountry "VIE"]
[BlackTeamCountry "UZB"]

1. d4 {Lupulescu,Constantin} e6 2. Nf3 c5 3. g3 d5 4. Bg2 Nc6 5. O-O Nf6 6. c4 dxc4 7. dxc5 Qxd1 8. Rxd1 Bxc5 9. Nbd2 ({RR} 9. Nfd2 O-O ({RR} 9... Na5 10. Na3 Bxa3 11. bxa3 Bd7 12. Bb2 Rc8 13. Bc3 b6) 10. Nxc4 Rd8 11. Rxd8+ Nxd8 12. Nc3) 9... c3 10. bxc3 O-O 11. Nb3 Be7 12. c4 ({RR} 12. Nfd4 Nxd4 ({RR} 12... Bd7 13. Bg5 Rfd8 14. Nxc6 Bxc6 15. Bxc6 bxc6 16. Na5 Rac8 17. Rxd8+ Bxd8) 13. cxd4 Nd5 14. Bb2 f5 15. Na5 b6 16. Nc6 Bd6 17. Rac1 Ba6 18. Re1 Bb7 19. e4 fxe4 20. Rxe4 Kf7) 12... Bd7 13. Bb2 Rfd8 14. Nfd4 Rac8 15. Nb5 e5 ({RR} 15... b6 16. Nd6 Bxd6 17. Rxd6 Be8 18. Rxd8 Nxd8 19. Rc1 Bc6 20. c5 Bxg2 21. Kxg2 Nd7 22. cxb6 Rxc1 23. Bxc1 axb6 24. Kf3 ({RR} 24. Nd4 f6 25. Kf3 Kf7 26. Ke3 Ke8 27. h4 Ne5 28. Ke4 Kd7 29. f4 Ng4) 24... Nc6 25. Ke3 Kf8 26. Kd3 b5 27. Ba3+ Ke8 ({RR} 27... b4) 28. f4 f5 29. e4 fxe4+ ({RR} 29... g6) 30. Kxe4 {½-½ Ding,L (2805)-So,W (2754) Norway Chess 7th 2019 (1)}) ({RR} 15... b6 16. Rac1 a5 17. Nd6 Bxd6 18. Rxd6 a4 19. Nd2 Ne8 20. Rd3 Nb4 21. Ra3 Nd6 22. Bf1 Bc6 23. Bc3 Na6 24. Rb1 b5 25. Ba5 Rd7 26. e3 bxc4 27. Nxc4 Nxc4 28. Bxc4 Nc5 29. Rc1 Rb8 30. Bf1 {1-0 Lagunow,R (2440)-Poetsch,H (2463) 95th ch-GER Candidates 2024 (6.1)}) 16. Rac1 $146 ({RR} 16. Nd6 Bxd6 17. Rxd6 Bg4 18. Rxd8+ Rxd8 19. Kf1 Be6 20. Bxc6 bxc6 21. Na5 c5 22. Bxe5 Ng4 23. Bf4 Nxh2+ 24. Ke1 Ng4 25. f3 Nf6 26. Rb1 h5 27. Rb7 Rd7 28. Rb5 Bf5 29. Rxc5 Bb1 30. a3 Bc2 {1-0 Mendonca,L (2622)-Abdurakhmonov,M (2405) Qatar Masters Open 2023 (1.17)}) 16... Ne8 17. h4 f6 18. Nc3 Bg4 19. Kf1 Rxd1+ 20. Rxd1 Be6 21. Nd5 Bf8 22. Rc1 Kf7 23. f4 b6 24. Ne3 exf4 25. gxf4 Ne7 26. Nd4 Bd7 27. Ba3 Nc7 28. Rd1 Ba4 29. Rd3 g6 30. Bd6 Ne8 31. Bxe7 Bxe7 32. Bd5+ Kg7 33. Nef5+ 1-0

[Event "45th Olympiad 2024"]
[Site "Budapest HUN"]
[Date "2024.09.14"]
[Round "4.5"]
[Board "4"]
[White "Vakhidov, Jakhongir"]
[Black "Tran, Tuan Minh"]
[Result "1/2-1/2"]
[WhiteElo "2571"]
[BlackElo "2434"]
[PlyCount "125"]
[EventDate "2024.09.11"]
[WhiteTeam "Uzbekistan"]
[BlackTeam "Vietnam"]
[WhiteTeamCountry "UZB"]
[BlackTeamCountry "VIE"]

1. d4 Nf6 2. c4 e6 3. Nf3 d5 4. Nc3 Be7 5. Bf4 O-O 6. e3 a6 7. Rc1 b6 8. Bd3 ({RR} 8. cxd5 exd5 9. Bd3 Be6 10. O-O c5 11. dxc5 bxc5 12. Qa4 Nbd7 13. Rfd1 Qb6 14. Qc2 h6 15. h3 Rfc8 16. b3 c4 17. bxc4 dxc4 18. Bf1 Nc5 19. Nd4 Bd7 20. Nf5 Bxf5 21. Qxf5 Nd3 22. Bxd3 cxd3 {1-0 Melkumyan,H (2645)-Di Berardino,D (2453) Titled Tue 13th Dec Late 2022 (4)}) ({RR} 8. cxd5 exd5 9. Be2 Bb7 10. O-O Nbd7 11. Ne5 Rc8 12. Bf3 Nxe5 13. dxe5 Ne4 14. Nxe4 dxe4 15. Bg4 Ra8 16. Qc2 c5 17. Rfd1 Qe8 18. Bd7 Qb8 19. e6 Qa7 20. exf7+ Kh8 21. Be8 {1-0 Tesar,J (2190)-Vrtal,J (1967) Stare Mesto Open 2024 (2.6)}) 8... dxc4 9. Bxc4 Bb7 10. O-O b5 $146 ({RR} 10... c5 11. Qe2 b5 12. Bd3 c4 13. Bb1 Nbd7 14. e4 g6 15. Bh6 Re8 16. Rfd1 Nh5 17. Qd2 Nb6 18. Ne5 f6 19. Nf3 Ng7 20. Be3 Bb4 21. Qe2 Bxc3 22. bxc3 Qc7 23. Nd2 Rad8 24. Nf1 Na4 25. Ng3 {0-1 Suc,T (1871)-Acimovic,D (1907) Portoroz op 9th 2007 (3)}) 11. Bb3 c5 12. dxc5 Nbd7 13. Bd6 Nxc5 14. Bxc5 Bxc5 15. Qxd8 Rfxd8 16. Nxb5 Bxe3 17. fxe3 axb5 18. Nd4 b4 19. Rc7 Be4 20. h3 h5 21. Rf2 Rd6 22. Rc4 Rb8 23. Nc2 Rd1+ 24. Kh2 Bd5 25. Rd4 Rxd4 26. Nxd4 Ra8 27. Rc2 Bxb3 28. axb3 Ra1 29. Nf3 Nd5 30. e4 Ne3 31. Rc8+ Kh7 32. Kg3 Rb1 33. Kf2 Nd1+ 34. Ke2 Nxb2 35. Rd8 f6 36. Rd4 e5 37. Rxb4 Rd1 38. Rb5 Rd3 39. Rb7 Rd8 40. Rc7 Nd3 41. g3 Nb4 42. Rc4 Na6 43. Rc6 Ra8 44. Kd2 Nb4 45. Rc4 Rd8+ 46. Kc3 Nd3 47. b4 Nf2 48. b5 Rb8 49. Kb4 Nxh3 50. Ka5 Ra8+ 51. Kb4 Rb8 52. Kc5 g5 53. b6 h4 54. gxh4 g4 55. Ne1 Nf4 56. Rb4 g3 57. Rb2 Kg6 58. Kd6 Kh5 59. Ke7 g2 60. Nxg2 Nxg2 61. Rxg2 Rxb6 62. Rh2 Rb4 63. Kxf6 1/2-1/2

[Event "45th Olympiad 2024"]
[Site "Budapest HUN"]
[Date "2024.09.14"]
[Round "4.6"]
[Board "1"]
[White "Duda, Jan-Krzysztof"]
[Black "Stremavicius, Titas"]
[Result "1-0"]
[WhiteElo "2732"]
[BlackElo "2527"]
[PlyCount "93"]
[EventDate "2024.09.11"]
[WhiteTeam "Poland"]
[BlackTeam "Lithuania"]
[WhiteTeamCountry "POL"]
[BlackTeamCountry "LTU"]

1. e4 c5 2. Nf3 e6 3. d4 cxd4 4. Nxd4 Nf6 5. Nc3 Nc6 6. a3 Be7 7. Be3 d6 8. Qe2 $146 ({RR} 8. Bb5 Bd7 9. f3 Rc8 10. O-O O-O 11. Nxc6 bxc6 12. Bd3 Qc7 13. Ne2 Rb8 14. b4 d5 15. exd5 cxd5 16. c4 dxc4 17. Rc1 Bb5 18. Nd4 Qe5 19. Be4 Nxe4 20. fxe4 Qxe4 21. Qf3 Qxf3 22. Rxf3 a6 {0-1 Ageev,D-Slugin,A RUS-Cup01 Tomsk 2003 (4)}) ({RR} 8. f4 O-O 9. Nb3 Na5 10. g4 Nxb3 11. cxb3 d5 12. e5 Ne4 13. Nxe4 dxe4 14. Qxd8 Rxd8 15. g5 Bd7 16. h4 Bc6 17. Rh2 a6 18. Rc1 g6 19. Rhc2 Rd7 20. b4 h6 21. Rxc6 bxc6 22. Rxc6 a5 {½-½ Anand,V (2783)-Radjabov,T (2756) AZE-The World m rapid 2009 (7)}) ({RR} 8. Be2 O-O 9. O-O Bd7 10. Nb3 a6 11. a4 Na5 12. Nd2 Rc8 13. f4 Qc7 14. Bd3 Nc6 15. Kh1 Nb4 16. Be2 e5 17. Nc4 Bc6 18. Nb6 Rcd8 19. Bf3 exf4 20. Bd4 d5 21. e5 Ne4 22. a5 f6 {1-0 Lagno,K (2532)-Song,Y (2383) BRICS Games Blitz Women 2024 (5.1)}) ({RR} 8. Be2 O-O 9. O-O Bd7 10. Qd2 a6 11. f4 Rc8 12. Kh1 Nxd4 13. Bxd4 Bc6 14. Bf3 d5 15. e5 Nd7 16. Qf2 Bb5 17. Nxb5 axb5 18. b4 f6 19. exf6 Bxf6 20. Rae1 Bxd4 21. Qxd4 Rc4 22. Qe3 Rcxf4 {1-0 Svane,F (2438)-Malka,S (2231) Titled Tuesday intern op 06th July blitz 2021 (3)}) 8... e5 9. Nb3 O-O 10. O-O-O a6 11. h3 b5 12. f4 Be6 13. g4 b4 14. axb4 exf4 15. Bxf4 Nxb4 16. Bg2 Rc8 17. Kb1 Qb6 18. Qe3 Qxe3 19. Bxe3 Nd7 20. Nd4 Ne5 21. Nf5 Rfe8 22. Bf4 Nc4 23. Nxe7+ Rxe7 24. Bxd6 Nxd6 25. Rxd6 h5 26. gxh5 Rc5 27. Bf3 Kh7 28. h4 f6 29. Rhd1 a5 30. Rb6 Bf7 31. Nd5 Re5 32. Rb7 Bxd5 33. exd5 Nxd5 34. Bxd5 Rexd5 35. Rg1 Kh6 36. Rg2 Rc4 37. Rgxg7 Rxh4 38. Rg6+ Kxh5 39. Rxf6 Kg5 40. Rf1 Kg6 41. Ka2 Rc5 42. c3 Ra4+ 43. Kb3 Rg4 44. Rb8 Kg7 45. Rb6 Re4 46. Ka3 Rd5 47. Rbf6 1-0

[Event "45th Olympiad 2024"]
[Site "Budapest HUN"]
[Date "2024.09.14"]
[Round "4.6"]
[Board "2"]
[White "Pultinevicius, Paulius"]
[Black "Wojtaszek, Radoslaw"]
[Result "1/2-1/2"]
[WhiteElo "2587"]
[BlackElo "2681"]
[PlyCount "68"]
[EventDate "2024.09.11"]
[WhiteTeam "Lithuania"]
[BlackTeam "Poland"]
[WhiteTeamCountry "LTU"]
[BlackTeamCountry "POL"]

1. d4 Nf6 2. c4 e6 3. Nc3 Bb4 4. Qb3 c5 5. dxc5 Nc6 6. Nf3 Ne4 7. Bd2 Nxd2 8. Nxd2 Bxc5 9. g3 b6 10. Bg2 Bb7 11. O-O Rc8 ({RR} 11... Qb8 12. Rad1 Nd4 13. Qa4 Bxg2 14. Kxg2 Qb7+ 15. Nf3 a6 16. Rd3 b5 17. cxb5 axb5 18. Qd1 Nxf3 19. exf3 Be7 20. Re1 Ra6 21. Qb3 Rb6 22. Ne2 O-O 23. Rc1 b4 24. Qd1 d5 25. b3 Rc8 26. Rd2 {½-½ Cojocari,D (2112)-Blomqvist,E (2517) Riga Tech Open A 2024 (1.13)}) 12. Rac1 O-O 13. Qa4 $146 ({RR} 13. a3 Qc7 14. Qa4 Qb8 15. Nf3 Rfd8 16. Rfd1 Be7 17. b4 h6 18. Rd3 a6 19. Nd1 d6 20. Ne3 Rc7 21. Qb3 b5 22. Rdc3 Rdc8 23. R3c2 Ba8 24. Qd3 bxc4 25. Nxc4 d5 26. Ne3 Qb6 27. h4 Bb7 {½-½ Aczel,G (2553)-Plenca,J (2463) Palic Karadzic Memorial op 2017 (8)}) ({RR} 13. Qc2 Be7 14. Rfd1 Qc7 15. Nde4 a6 16. Nd5 exd5 17. cxd5 Qe5 18. dxc6 Bxc6 19. Nc3 g6 20. Qd3 b5 21. b3 Ba3 22. Rc2 Rfe8 23. e3 Rc7 24. Nd5 Bxd5 25. Bxd5 Rec8 26. Rxc7 Rxc7 27. Qd2 Kg7 {½-½ Aczel,G (2567)-Gavrilescu,D (2436) Timisoara m 2018 (2)}) 13... f5 14. Nb3 a6 15. Nxc5 bxc5 16. Rcd1 Qc7 17. f4 Nd4 18. Bxb7 Qxb7 19. Rd2 e5 20. fxe5 Rce8 21. Qa5 Qc6 22. Nd5 f4 23. gxf4 Qg6+ 24. Kf2 Rxe5 25. Qxc5 Nc6 26. Qxf8+ Kxf8 27. fxe5 Qe4 28. b3 Nxe5 29. Kg1+ Ke8 30. Nc7+ Kd8 31. Nd5 Qg4+ 32. Kh1 Qe4+ 33. Kg1 Qg4+ 34. Kh1 Qe4+ 1/2-1/2

[Event "45th Olympiad 2024"]
[Site "Budapest HUN"]
[Date "2024.09.14"]
[Round "4.6"]
[Board "3"]
[White "Piorun, Kacper"]
[Black "Kazakouski, Valery"]
[Result "1/2-1/2"]
[WhiteElo "2599"]
[BlackElo "2577"]
[PlyCount "87"]
[EventDate "2024.09.11"]
[WhiteTeam "Poland"]
[BlackTeam "Lithuania"]
[WhiteTeamCountry "POL"]
[BlackTeamCountry "LTU"]

1. d4 d5 2. c4 c6 3. Nf3 Nf6 4. e3 Bg4 5. h3 Bxf3 6. Qxf3 e6 7. Bd3 Bb4+ 8. Nc3 ({RR} 8. Nd2 dxc4 9. Bxc4 Nbd7 10. a3 Bd6 11. O-O O-O 12. Ba2 e5 13. Ne4 Nxe4 14. Qxe4 Nf6 15. Qh4 Re8 16. Rd1 Qe7 17. Bd2 exd4 18. exd4 Qe2 19. Bc3 Re4 20. Qg5 Rf4 21. Rd2 Qe7 22. Qa5 Re8 {½-½ Topalov,V (2777)-Ponomariov,R (2718) Villarrobledo op 23rd rapid 2008 (7)}) 8... O-O 9. O-O Nbd7 10. Rd1 ({RR} 10. Qd1 Qe7 11. a3 Bxc3 12. bxc3 e5 13. a4 Qe6 14. Qb3 Rab8 15. Ba3 Rfc8 16. a5 b6 17. axb6 Nxb6 18. cxd5 cxd5 19. Bc5 Nfd7 20. Bb4 Nc4 21. Bxc4 dxc4 22. Qc2 exd4 23. exd4 Nf6 24. Rfe1 Qc6 {1-0 Diaz Camallonga,C (2491)-Dominguez Pons,E (2328) TCh-CAT GpA Final 2024 (2.3)}) 10... Nb6 $146 ({RR} 10... Re8 11. Qe2 Bxc3 12. bxc3 e5 13. a4 e4 14. Bc2 Nb6 15. Bb3 Nxc4 16. Bxc4 dxc4 17. Qxc4 Qd5 18. Qe2 b5 19. Bd2 Reb8 20. Rdc1 Qc4 21. Qxc4 bxc4 22. a5 Rb2 23. Be1 Ne8 24. f3 Nd6 25. Bg3 {½-½ Aleksandrov,A (2582)-Lintchevski,D (2450) EU-ch 9th Plovdiv 2008 (4)}) ({RR} 10... Re8 11. Qe2 a6 12. Bd2 e5 13. dxe5 Bxc3 14. Bxc3 Nxe5 15. cxd5 cxd5 16. Bc2 Qe7 17. Bb3 Rad8 18. Rac1 Rd7 19. Qc2 g6 20. Qe2 Qe6 21. Rc2 Ne4 22. Bd4 Nc6 23. Ba4 b5 24. Bb3 Nxd4 25. Rxd4 {½-½ Rasmussen,A (2534)-Semcesen,D (2460) DEN-chT 0910 48th 2009 (2.1)}) 11. cxd5 cxd5 12. Bd2 Rc8 13. Qe2 a6 14. Be1 Qe7 15. a3 Bd6 16. a4 g6 17. a5 Nbd7 18. Qc2 Nb8 19. Qb3 Nc6 20. Na4 Rc7 21. Nb6 Rd8 22. Rac1 e5 23. Qa4 Qe6 24. Rc2 Re7 25. Bxa6 Nxd4 26. exd4 bxa6 27. Bb4 Bxb4 28. Qxb4 e4 29. Rc6 Qxc6 30. Qxe7 Rd6 31. b4 Kg7 32. Kh2 Re6 33. Qc5 Qe8 34. b5 e3 35. fxe3 Qb8+ 36. Kg1 Rxe3 37. Nxd5 Nxd5 38. Qxd5 axb5 39. a6 Ra3 40. Rf1 Rxa6 41. Rxf7+ Kh6 42. Qd7 Qh8 43. Qxb5 Qxd4+ 44. Kh1 1/2-1/2

[Event "45th Olympiad 2024"]
[Site "Budapest HUN"]
[Date "2024.09.14"]
[Round "4.6"]
[Board "4"]
[White "Laurusas, Tomas"]
[Black "Gumularz, Szymon"]
[Result "1/2-1/2"]
[WhiteElo "2569"]
[BlackElo "2571"]
[PlyCount "96"]
[EventDate "2024.09.11"]
[WhiteTeam "Lithuania"]
[BlackTeam "Poland"]
[WhiteTeamCountry "LTU"]
[BlackTeamCountry "POL"]

1. d4 Nf6 2. c4 e6 3. Nf3 Bb4+ 4. Nbd2 Be7 5. e3 ({RR} 5. e4 d5 6. e5 Nfd7 7. cxd5 exd5 8. Nb3 a5 9. a4 b6 10. Bd3 c5 11. Bb5 Bb7 12. O-O O-O 13. Re1 Na6 14. dxc5 bxc5 15. Nxa5 Qxa5 16. Bxd7 d4 17. e6 f6 18. Nh4 g6 19. Bh6 f5 {1-0 Yilmaz,M (2633)-Vidit,S (2710) Shusha Blitz 2022 (1)}) ({RR} 5. g3 O-O 6. Bg2 c5 7. O-O Nc6 8. dxc5 Bxc5 9. Nb3 Be7 10. Nbd4 d5 11. cxd5 Nxd4 12. Nxd4 Nxd5 13. Qb3 Qb6 14. Rd1 Rd8 15. e4 Bc5 16. Ne2 Nb4 17. Rxd8+ Qxd8 18. Be3 Bxe3 19. fxe3 Nc6 {½-½ Hak,D (2310)-Ochedzan,T (2166) 22nd Marienbad B1 IM 2024 (9.3)}) 5... O-O $146 ({RR} 5... c5 6. a3 a6 7. dxc5 Bxc5 8. b4 Be7 9. Bb2 d6 10. Qc2 b6 11. Bd3 Bb7 12. Ne4 Nbd7 13. Ng3 Rc8 14. Qe2 O-O 15. Rd1 Qc7 16. Nd4 Ne5 17. Rc1 Nxd3+ 18. Qxd3 Bxg2 19. Rg1 Qb7 20. Qe2 {½-½ Mandelkow,E (1569)-Westphal Stubbe,S (1664) Hamburg HSK Christmas op 4th 2018 (7)}) ({RR} 5... d5 6. Bd3 O-O 7. b3 c5 8. O-O Nc6 9. Bb2 b6 10. Qe2 Bb7 11. Rfd1 Rc8 12. Rac1 Re8 13. Ne5 cxd4 14. Nxc6 Bxc6 15. exd4 dxc4 16. bxc4 Rc7 17. Bb1 Qa8 18. f3 a6 19. Qd3 Rd7 20. Ne4 {½-½ Reimold,D-Sauer,F Verbandsliga Nord Baden 1998 (1.7)}) 6. Be2 d5 7. O-O b6 8. b3 Bb7 9. Bb2 Nbd7 10. Rc1 c5 11. cxd5 Nxd5 12. a3 a5 13. Bb5 Nc7 14. Be2 Nd5 15. Bb5 Nc7 16. Bc4 Rc8 17. Qe2 cxd4 18. Nxd4 Bc5 19. Rfd1 Qe7 20. Nc2 Rfd8 21. Qg4 Nf6 22. Qh4 h6 23. Be2 Nce8 24. b4 axb4 25. axb4 Nd5 26. Qxe7 Bxe7 27. b5 Nc3 28. Bxc3 Rxc3 29. Nd4 Rxc1 30. Rxc1 Ba3 31. Rc2 Nd6 32. Nc6 Ra8 33. h3 Kf8 34. Nb3 Ke8 35. Bd3 Nc8 36. f4 Bd6 37. Kf2 Ra3 38. Rb2 Ne7 39. Be4 Ra4 40. Bf3 Nc8 41. Rc2 Bxc6 42. bxc6 Kd8 43. Nd4 Na7 44. Rb2 Kc7 45. Ke2 Bc5 46. Rd2 Bxd4 47. exd4 Nb5 48. Ke3 Nd6 1/2-1/2

[Event "45th Olympiad 2024"]
[Site "Budapest HUN"]
[Date "2024.09.14"]
[Round "4.7"]
[Board "1"]
[White "Kadric, Denis"]
[Black "Suleymanli, Aydin"]
[Result "0-1"]
[WhiteElo "2553"]
[BlackElo "2632"]
[PlyCount "70"]
[EventDate "2024.09.11"]
[WhiteTeam "Montenegro"]
[BlackTeam "Azerbaijan"]
[WhiteTeamCountry "MNE"]
[BlackTeamCountry "AZE"]

1. e4 e5 2. Nf3 Nc6 3. Bc4 Nf6 4. d3 Bc5 5. c3 d6 6. a4 a5 7. Bg5 h6 8. Bh4 g5 ({RR} 8... Qe7 9. O-O Ba7 10. Nbd2 Bd7 11. Rb1 g5 12. Bg3 O-O 13. Re1 g4 14. Bh4 gxf3 15. Qxf3 Kg7 16. Nf1 Rh8 17. Ne3 Raf8 18. Kh1 h5 19. Qg3+ Kh7 20. Nd5 Nxd5 21. exd5 f6 22. dxc6 Bxc6 23. d4 {½-½ Maghsoodloo,P (2740)-Ding Liren (2780) 86th Tata Steel Masters 2024 (5.7)}) 9. Bg3 O-O 10. Nbd2 Ba7 11. h3 $146 ({RR} 11. Qc2 Nh5 12. O-O-O Qf6 13. Rdf1 Kg7 14. Ng1 Ne7 15. f3 c6 16. Bf2 Bxf2 17. Rxf2 d5 18. Bb3 Qd6 19. Ne2 f5 20. Rff1 b5 21. h4 bxa4 22. Bxa4 g4 23. fxg4 fxg4 24. Rxf8 Kxf8 25. d4 Kg7 {½-½ Levine,J (2372)-Arenas,D (2357) 1000GM Independence Day 2024 (8.3)}) ({RR} 11. Qb3 Ne7 12. d4 Ng6 13. O-O-O Qe7 14. h4 g4 15. h5 Nf4 16. Bxf4 exf4 17. Nh4 Kg7 18. Rde1 c6 19. e5 Nxh5 20. e6 fxe6 21. Bxe6 Bxe6 22. Rxe6 Qf7 23. Rg6+ Kh7 24. Qc2 {1-0 Beerdsen,T (2488)-Warmerdam,M (2475) Maastricht Limburg op 13th 2019 (2)}) 11... Nh7 12. Nf1 Kg7 13. Ne3 Ne7 14. d4 f5 15. exf5 e4 16. Nd2 Nxf5 17. Nxf5+ Bxf5 18. Nf1 Qe8 19. Ne3 Bd7 20. Qb3 Nf6 21. h4 Rb8 22. hxg5 hxg5 23. Bb5 Qe6 24. Bc4 Qe8 25. Nd5 Nxd5 26. Bxd5 Rf5 27. Kd2 b5 28. Bxe4 Qxe4 29. Rae1 bxa4 30. Rxe4 Rxb3 31. Re7+ Rf7 32. Rh7+ Kxh7 33. Rxf7+ Kg6 34. Rxd7 Rxb2+ 35. Kc1 a3 0-1

[Event "45th Olympiad 2024"]
[Site "Budapest HUN"]
[Date "2024.09.14"]
[Round "4.7"]
[Board "2"]
[White "Abasov, Nijat"]
[Black "Petrov, Nikita"]
[Result "1/2-1/2"]
[WhiteElo "2626"]
[BlackElo "2574"]
[PlyCount "60"]
[EventDate "2024.09.11"]
[WhiteTeam "Azerbaijan"]
[BlackTeam "Montenegro"]
[WhiteTeamCountry "AZE"]
[BlackTeamCountry "MNE"]

1. d4 Nf6 2. Nf3 d5 3. c4 e6 4. g3 Bb4+ 5. Bd2 a5 6. Bg2 O-O 7. Qc2 c5 8. cxd5 cxd4 9. Nxd4 exd5 ({RR} 9... Qb6 10. e3 exd5 11. O-O Nc6 12. Nxc6 bxc6 13. Rc1 Rb8 14. Bxb4 Qxb4 15. b3 Be6 16. Nc3 c5 17. Ne2 Rfc8 18. Nf4 c4 19. bxc4 Rxc4 20. Qd1 Qc5 21. Nxe6 fxe6 22. Bf1 Rc3 23. Rxc3 Qxc3 24. Rc1 {½-½ So,W (2772)-Harikrishna,P (2717) Berlin FIDE GP 1 Pool-D 2022 (6)}) 10. O-O Re8 $146 ({RR} 10... Nc6 11. Nxc6 bxc6 12. Qxc6 Ra6 13. Qc2 Bg4 14. e3 h5 15. Nc3 h4 16. a3 Be7 17. f3 Be6 18. Rfd1 hxg3 19. hxg3 Qb8 20. Be1 Bd6 21. f4 Bc5 22. Nxd5 Bxd5 23. Qxc5 Bxg2 24. Kxg2 Qxb2+ 25. Kg1 {0-1 Saydaliev,S (2473)-Ashraf,A (2388) Titled Tue 10th Sep Early 2024 (8)}) ({RR} 10... Qb6 11. e3 Nc6 12. Nxc6 bxc6 13. Nc3 h5 14. Rfc1 h4 15. Na4 Qd8 16. b3 Bd7 17. Nc5 Bc8 18. Na4 Bd7 19. Nc5 Bc8 20. a3 Bxd2 21. Qxd2 Bf5 22. Qd4 h3 23. Bf3 Re8 24. Qf4 Bc8 25. Nd3 {1-0 Wagner,D (2334)-Cramling,P (2459) EU-Cup Online Final (Women) rapid 2020 (3.2)}) 11. e3 Bd7 12. a3 Bxd2 13. Nxd2 Nc6 14. Nxc6 bxc6 15. Nb3 h5 16. Nc5 h4 17. Nxd7 Qxd7 18. Rfd1 hxg3 19. hxg3 Rab8 20. Rd4 Rb6 21. b4 axb4 22. axb4 Qd6 23. Rc1 Reb8 24. Qc3 Rxb4 25. Rxb4 Rxb4 26. Qxc6 Qxc6 27. Rxc6 d4 28. exd4 Rxd4 29. Bf3 Kf8 30. Kg2 Ke7 1/2-1/2

[Event "45th Olympiad 2024"]
[Site "Budapest HUN"]
[Date "2024.09.14"]
[Round "4.7"]
[Board "3"]
[White "Djukic, Nikola"]
[Black "Mamedov, Rauf"]
[Result "1/2-1/2"]
[WhiteElo "2515"]
[BlackElo "2637"]
[PlyCount "71"]
[EventDate "2024.09.11"]
[WhiteTeam "Montenegro"]
[BlackTeam "Azerbaijan"]
[WhiteTeamCountry "MNE"]
[BlackTeamCountry "AZE"]

1. e4 c5 2. Nf3 Nc6 3. d4 cxd4 4. Nxd4 e5 5. Nb5 d6 6. c4 g6 7. Be3 Be6 8. N1c3 a6 9. Na3 Bg7 10. Nc2 Nf6 11. Be2 O-O 12. O-O Rc8 13. f3 Nh5 14. Qd2 Nf4 ({RR} 14... Nd4 15. Nxd4 exd4 16. Bxd4 Bxc4 17. Bxg7 Kxg7 18. Bxc4 Rxc4 19. Rfd1 Qb6+ 20. Qf2 Qc6 21. Nd5 Re8 22. b3 Rc5 23. Qd4+ Kg8 24. g4 Re5 25. Qxe5 dxe5 26. Ne7+ Kg7 27. Nxc6 Nf4 28. Nb4 Nh3+ 29. Kg2 {0-1 Librelato,K (2181)-Gunina,V (2435) BRICS Games Blitz Team 2024 (10.7)}) 15. Rfd1 Nxe2+ $146 ({RR} 15... Nb8 16. Nd5 Nxe2+ 17. Qxe2 Nd7 18. b3 f5 19. Nc3 Nf6 20. Nb4 Rf7 21. Nbd5 Nd7 22. Rd2 f4 23. Bf2 g5 24. Na4 g4 25. Nab6 g3 26. Nxc8 gxf2+ 27. Qxf2 Qxc8 28. Nb6 Qc7 29. Nxd7 Rxd7 30. Rad1 {0-1 Yang,c (2212)-Santos Latasa,J (2656) FIDE World Cup 2023 (1.1)}) 16. Qxe2 Nd4 17. Nxd4 exd4 18. Bxd4 Rxc4 19. Bxg7 Kxg7 20. Qf2 Qc7 21. Rd4 Qc5 22. Rad1 Rxd4 23. Qxd4+ Qxd4+ 24. Rxd4 Rd8 25. Kf2 Kf6 26. Ke3 Ke7 27. Rb4 b5 28. Rd4 Rc8 29. Kd2 Rc5 30. a4 bxa4 31. Rxa4 a5 32. b4 axb4 33. Rxb4 d5 34. exd5 Bxd5 35. Rb5 Rxb5 36. Nxb5 1/2-1/2

[Event "45th Olympiad 2024"]
[Site "Budapest HUN"]
[Date "2024.09.14"]
[Round "4.7"]
[Board "4"]
[White "Mamedyarov, Shakhriyar"]
[Black "Draskovic, Luka"]
[Result "1-0"]
[WhiteElo "2733"]
[BlackElo "2497"]
[PlyCount "83"]
[EventDate "2024.09.11"]
[WhiteTeam "Azerbaijan"]
[BlackTeam "Montenegro"]
[WhiteTeamCountry "AZE"]
[BlackTeamCountry "MNE"]

1. Nf3 d5 2. g3 Nf6 3. Bg2 e6 4. O-O Bd6 5. c4 O-O 6. d4 h6 7. Qc2 b6 ({RR} 7... Nc6 8. Nbd2 Re8 9. b3 e5 10. dxe5 Nxe5 11. Bb2 dxc4 12. Bxe5 Bxe5 13. Nxe5 Rxe5 14. Nxc4 Re8 15. e4 Qe7 16. e5 Nd7 17. f4 Nb6 18. Ne3 c6 19. Rae1 Bd7 20. Qd2 Rad8 21. Qa5 Nc8 22. Rd1 {0-1 Dubov,D (2710)-Carlsen,M (2847) DM Carlsen-Dubov blitz 2021 (7)}) 8. Nc3 Bb7 9. cxd5 exd5 10. Nh4 $146 ({RR} 10. Nb5 Nc6 11. Nxd6 cxd6 12. Bd2 Re8 13. e3 Rc8 14. Qa4 Qd7 15. Rfc1 Qf5 16. Nh4 Qe6 17. Rc2 Ne4 18. Be1 Rc7 19. Rac1 Rec8 20. Bf1 a6 21. Qb3 b5 22. a4 Nf6 23. axb5 axb5 24. Bd3 Qe7 {1-0 Eckert,D (2123)-Vemparala,N (2192) SPICE Cup Open 2023 (7.17)}) ({RR} 10. Nb5 Re8 11. Nxd6 cxd6 12. Bf4 Nc6 13. Rac1 Qd7 14. Rfe1 a5 15. Qb3 Ba6 16. Qxb6 Bc4 17. Nd2 Rab8 18. Nxc4 Rxb6 19. Nxb6 Qb7 20. Nxd5 Ne4 21. Nc7 Qxc7 22. d5 Qb6 23. Bxe4 Nd4 24. Bd3 Qxb2 {0-1 Christiansen,J (2655)-Svane,F (2638) Titled Tue 11th Jun Early 2024 (9)}) 10... Nc6 11. Nf5 Ne7 12. Nxd6 cxd6 13. b3 Rc8 14. Qd3 Qd7 15. a4 a6 16. Ba3 Rc6 17. Rfc1 Rfc8 18. Nd1 Rxc1 19. Rxc1 Rxc1 20. Bxc1 Qc6 21. Ba3 Bc8 22. Ne3 a5 23. h3 h5 24. Kh2 g6 25. f3 Nf5 26. Nd1 Ng7 27. Nc3 Ne6 28. Qd2 Ba6 29. e4 h4 30. gxh4 Bb7 31. Qe3 Qd7 32. Nb5 Ne8 33. h5 gxh5 34. Qh6 Bc6 35. Nc3 N6g7 36. Qg5 dxe4 37. fxe4 Bb7 38. d5 f6 39. Qe3 Qd8 40. Nb5 Ba6 41. Nd4 Bb7 42. Qg3 1-0